000 00719nam a2200229 a 4500
001 BRCA_7056
005 20190320205708.0
008 031211s2001----mx-#######---#000-0#spa-#
020 _a9687727616
041 _aspa
050 4 _bR85 2001
100 1 _aRuiz Medrano, Carlos Rubén.
_910014
245 1 0 _aEl discurso del lujo en la imagen religiosa barroca
_cCarlos Rubén Ruiz Medrano.
260 _aMéxico
_bEl Colegio de San Luis
_c2001
300 _a39 p.
_c21 cm.
440 0 _aCuadernos del Centro
_910015
500 _aDonación de María Sánchez
504 _aBibliografía: p. 38-39
650 1 4 _aArte barroco
_zMéxico
_92322
650 1 4 _aSantos cristianos en el arte
_zMéxico
_917536
942 _2lcc
_cB
999 _c6737
_d6737